<?xml version="1.0" encoding="UTF-8"?>
<record
    xmlns:xsi="http://www.w3.org/2001/XMLSchema-instance"
    xsi:schemaLocation="http://www.loc.gov/MARC21/slim http://www.loc.gov/standards/marcxml/schema/MARC21slim.xsd"
    xmlns="http://www.loc.gov/MARC21/slim">

  <leader>03221nam a2200373 a 4500</leader>
  <controlfield tag="003">CHAP</controlfield>
  <controlfield tag="005">20230316111225.0</controlfield>
  <controlfield tag="007">ta</controlfield>
  <controlfield tag="008">230316s2016    mx ado|f |||| 001 0 spa d</controlfield>
  <datafield tag="020" ind1=" " ind2=" ">
    <subfield code="a">978-607-522-281-3</subfield>
  </datafield>
  <datafield tag="040" ind1=" " ind2=" ">
    <subfield code="a">mxchpua</subfield>
    <subfield code="c">CHAP</subfield>
    <subfield code="e">rda</subfield>
  </datafield>
  <datafield tag="050" ind1="1" ind2="0">
    <subfield code="a">TA405</subfield>
    <subfield code="b">.G47 2016</subfield>
  </datafield>
  <datafield tag="082" ind1="0" ind2="0">
    <subfield code="2">20</subfield>
    <subfield code="a">620.1123</subfield>
    <subfield code="b">G47 2016</subfield>
  </datafield>
  <datafield tag="100" ind1="1" ind2=" ">
    <subfield code="9">47729</subfield>
    <subfield code="a">Gere, James M.</subfield>
    <subfield code="e">autor</subfield>
  </datafield>
  <datafield tag="240" ind1="1" ind2=" ">
    <subfield code="a">Mechanics of materials.</subfield>
    <subfield code="l">Espa&#xF1;ol</subfield>
  </datafield>
  <datafield tag="245" ind1="1" ind2="0">
    <subfield code="a">Mec&#xE1;nica de materiales /</subfield>
    <subfield code="c">James M. Gere y Barry J. Goodno ; traductores Lorena Peralta Rosales y Mar&#xED;a del Pilar Carril Villareal</subfield>
  </datafield>
  <datafield tag="250" ind1=" " ind2=" ">
    <subfield code="a">8a edici&#xF3;n</subfield>
  </datafield>
  <datafield tag="264" ind1=" " ind2=" ">
    <subfield code="a">M&#xE9;xico :</subfield>
    <subfield code="b">Cengage Learning,</subfield>
    <subfield code="c">2016</subfield>
  </datafield>
  <datafield tag="300" ind1=" " ind2=" ">
    <subfield code="a">xx, 1129 p&#xE1;ginas :</subfield>
    <subfield code="b">ilustraciones, gr&#xE1;ficas, diagramas, tablas, fotos</subfield>
  </datafield>
  <datafield tag="336" ind1=" " ind2=" ">
    <subfield code="2">rdacontent</subfield>
    <subfield code="a">texto</subfield>
    <subfield code="b">txt</subfield>
  </datafield>
  <datafield tag="337" ind1=" " ind2=" ">
    <subfield code="2">rdamedia</subfield>
    <subfield code="a">sin medio</subfield>
    <subfield code="b">n</subfield>
  </datafield>
  <datafield tag="338" ind1=" " ind2=" ">
    <subfield code="2">rdacarrier</subfield>
    <subfield code="a">volumen</subfield>
    <subfield code="b">nc</subfield>
  </datafield>
  <datafield tag="504" ind1=" " ind2=" ">
    <subfield code="a">Bibliograf&#xED;a: p&#xE1;ginas 987-994</subfield>
  </datafield>
  <datafield tag="505" ind1="0" ind2=" ">
    <subfield code="a">CAP&#xCD;TULO 1. Tensi&#xF3;n, Compresi&#xF3;n y Cortante. --
CAP&#xCD;TULO 2. Elementos Cargados Axialmente. --
CAP&#xCD;TULO 3. Torsi&#xF3;n. --
CAP&#xCD;TULO 4. Fuerzas Cortantes y Momentos Flexionantes. --
CAP&#xCD;TULO 5. Esfuerzos en Vigas. --
CAP&#xCD;TULO 6. Esfuerzos en Vigas (temas avanzados). --
CAP&#xCD;TULO 7. An&#xE1;lisis de Esfuerzo y Deformaci&#xF3;n. --
CAP&#xCD;TULO 8. Aplicaciones de Esfuerzo Plano (recipientes a presi&#xF3;n, vigas y cargas combinadas). --
CAP&#xCD;TULO 9. Deflexiones de Vigas. --
CAP&#xCD;TULO 10. Vigas Est&#xE1;ticamente Indeterminadas. --
CAP&#xCD;TULO 11. Columnas. --
CAP&#xCD;TULO 12. Repaso de Centroides y Momentos de Inercia.</subfield>
  </datafield>
  <datafield tag="520" ind1="2" ind2=" ">
    <subfield code="a">Los temas principales que se estudian en el libro Mec&#xE1;nica de Materiales &#x2013; James M. Gere son el an&#xE1;lisis y dise&#xF1;o de elementos estructurales sometidos a tensi&#xF3;n, compresi&#xF3;n, torsi&#xF3;n y flexi&#xF3;n, incluidos los conceptos fundamentales que se mencionan en los p&#xE1;rrafos anteriores. Otros temas importantes son las transformaciones de esfuerzo y deformaci&#xF3;n unitaria, cargas combinadas, esfuerzos combinados, deflexiones de vigas y estabilidad de columnas.

Entre los temas especializados adicionales se incluyen los siguientes: concentraciones de esfuerzos, cargas din&#xE1;micas y de impacto, elementos no prism&#xE1;ticos, centros de cortante, flexi&#xF3;n de vigas de dos materiales (o vigas compuestas), flexi&#xF3;n de vigas asim&#xE9;tricas, esfuerzos m&#xE1;ximos en vigas, m&#xE9;todos basados en energ&#xED;a para calcular las deflexiones de vigas y vigas est&#xE1;ticamente indeterminadas.

Como ayuda para el estudiante, cada cap&#xED;tulo inicia con la Perspectiva general del cap&#xED;tulo, donde se esbozan los temas que se estudiar&#xE1;n en el mismo, y termina con un Resumen y repaso del cap&#xED;tulo, en el que se destacan los puntos clave y las principales f&#xF3;rmulas matem&#xE1;ticas que se presentaron en el cap&#xED;tulo para un repaso r&#xE1;pido (en preparaci&#xF3;n para ex&#xE1;menes sobre el material).</subfield>
  </datafield>
  <datafield tag="650" ind1="1" ind2="7">
    <subfield code="9">72941</subfield>
    <subfield code="a">Materiales</subfield>
    <subfield code="x">Propiedades mec&#xE1;nicas</subfield>
  </datafield>
  <datafield tag="650" ind1="1" ind2="3">
    <subfield code="9">150773</subfield>
    <subfield code="a">Ciencia de los materiales  </subfield>
  </datafield>
  <datafield tag="650" ind1="1" ind2="0">
    <subfield code="9">156813</subfield>
    <subfield code="a">Materials  </subfield>
    <subfield code="x">Mechanical properties</subfield>
  </datafield>
  <datafield tag="650" ind1="1" ind2="3">
    <subfield code="9">150774</subfield>
    <subfield code="a">Materials science  </subfield>
  </datafield>
  <datafield tag="700" ind1="1" ind2=" ">
    <subfield code="9">186435</subfield>
    <subfield code="a">Goodno, Barry J.</subfield>
    <subfield code="e">autor</subfield>
  </datafield>
  <datafield tag="700" ind1="1" ind2=" ">
    <subfield code="9">186436</subfield>
    <subfield code="a">Peralta Rosales, Lorena</subfield>
    <subfield code="e">traductora</subfield>
  </datafield>
  <datafield tag="700" ind1="1" ind2=" ">
    <subfield code="9">161872</subfield>
    <subfield code="a">Carril Villarreal, Mar&#xED;a del Pilar</subfield>
    <subfield code="e">traductora</subfield>
  </datafield>
  <datafield tag="942" ind1=" " ind2=" ">
    <subfield code="2">ddc</subfield>
    <subfield code="c">Libro</subfield>
  </datafield>
  <datafield tag="999" ind1=" " ind2=" ">
    <subfield code="c">218555</subfield>
    <subfield code="d">218555</subfield>
  </datafield>
  <datafield tag="952" ind1=" " ind2=" ">
    <subfield code="0">0</subfield>
    <subfield code="1">0</subfield>
    <subfield code="2">ddc</subfield>
    <subfield code="4">0</subfield>
    <subfield code="5">1</subfield>
    <subfield code="7">0</subfield>
    <subfield code="8">GRAL</subfield>
    <subfield code="a">IA_</subfield>
    <subfield code="b">IA_</subfield>
    <subfield code="d">2021-12-09</subfield>
    <subfield code="e">Compra Librer&#xED;a UACh F. 39631</subfield>
    <subfield code="i">Consumo</subfield>
    <subfield code="l">0</subfield>
    <subfield code="o">620.1123 G47 2016</subfield>
    <subfield code="p">1102014447</subfield>
    <subfield code="r">2023-03-16 00:00:00</subfield>
    <subfield code="t">Ej. 1</subfield>
    <subfield code="w">2023-03-16</subfield>
    <subfield code="y">LIBRO</subfield>
  </datafield>
  <datafield tag="952" ind1=" " ind2=" ">
    <subfield code="0">0</subfield>
    <subfield code="1">0</subfield>
    <subfield code="2">ddc</subfield>
    <subfield code="4">0</subfield>
    <subfield code="5">5</subfield>
    <subfield code="7">0</subfield>
    <subfield code="8">GRAL</subfield>
    <subfield code="a">IA_</subfield>
    <subfield code="b">IA_</subfield>
    <subfield code="d">2021-12-09</subfield>
    <subfield code="e">Compra Librer&#xED;a UACh F. 39631</subfield>
    <subfield code="i">Consumo</subfield>
    <subfield code="l">2</subfield>
    <subfield code="o">620.1123 G47 2016</subfield>
    <subfield code="p">1102014448</subfield>
    <subfield code="r">2024-03-08 00:00:00</subfield>
    <subfield code="s">2024-02-26</subfield>
    <subfield code="t">Ej. 2</subfield>
    <subfield code="w">2023-03-16</subfield>
    <subfield code="y">LIBRO</subfield>
  </datafield>
</record>
